Budúcnosť komanditnej spoločnosti

Príspevok sa venuje právnej úprave komanditnej spoločnosti u nás v porovnaní s právnou úpravou tejto spoločnosti v Českej republike. Následne analyzuje komanditnú spoločnosť podľa osnovy zákona o obchodných korporáciách v Českej republike, čím sa snaží predvídať budúcnosť tejto spoločnosti na Sloven...

Full description

Saved in:
Bibliographic Details
Main Author: Vačoková, Lenka, 1983-
Format: Book Chapter
Language:Slovak
Subjects:
Tags: Add Tag
No Tags, Be the first to tag this record!

MARC

LEADER 00000nla$a2200000$$$4500
001 0120742
005 20240502072351.0
041 0 |a slo 
044 |a SK 
245 1 0 |a Budúcnosť komanditnej spoločnosti  |c Lenka Vačoková 
520 |a Príspevok sa venuje právnej úprave komanditnej spoločnosti u nás v porovnaní s právnou úpravou tejto spoločnosti v Českej republike. Následne analyzuje komanditnú spoločnosť podľa osnovy zákona o obchodných korporáciách v Českej republike, čím sa snaží predvídať budúcnosť tejto spoločnosti na Slovensku. 
610 2 0 |a spoločnosti komanditné 
610 2 0 |a úpravy právne 
610 2 0 |a Česko 
610 2 0 |a Slovensko 
100 1 |a Vačoková, Lenka, 1983-